| 000 | 00762nam a2200265 a 4500 | ||
|---|---|---|---|
| 001 | 66176 | ||
| 003 | BD-RjUL | ||
| 005 | 20211209081516.0 | ||
| 008 | 170314s2008 ii ||||| |||| 001 0 eng d | ||
| 020 | _a8130909731 | ||
| 020 | _a9788130909738 | ||
| 035 | _a(BD-RjUL)66306 | ||
| 040 |
_aBD-RjUL _beng _cBD-RjUL |
||
| 041 | _aeng | ||
| 082 |
_223 _a005.133 _bGIC 2008 |
||
| 100 |
_a Gittleman, Art, _9195828 |
||
| 245 |
_aC♯ .Net illuminated / _cArt Gittleman |
||
| 260 |
_aNew Delhi : _bViva Books , _c2008. |
||
| 300 |
_axiv, 349 p. : _b ill. ; _c24 cm. |
||
| 500 | _aIncludes index. | ||
| 650 |
_aMicrosoft .NET Framework _9195829 |
||
| 650 |
_aC# (Computer program language) _9194852 |
||
| 650 |
_aMicrosoft Visual studio _9195830 |
||
| 942 |
_2ddc _cBK |
||
| 999 |
_c66176 _d66176 |
||